| 000 | 00521nam a2200181Ia 4500 | ||
|---|---|---|---|
| 003 | SISC | ||
| 005 | 20180628132904.0 | ||
| 008 | 180627s9999 xx 000 0 und d | ||
| 020 | _a9789719594000 | ||
| 100 | _aBanggawan, Rex B. | ||
| 245 |
_aIncome taxation: _bLaws, Principles, and Jurisprudence / |
||
| 250 | _a2017 ed | ||
| 260 |
_aBaguio City : _bReal Excellence _c2017 |
||
| 300 | _a710 pages | ||
| 650 | _aIncome taxation -- Philippines. | ||
| 650 | _aLaw and legislation -- Philippines. | ||
| 942 |
_2lcc _cFILP |
||
| 999 |
_c358082 _d358082 |
||